00823nac a22001931u 4500008004100000010001500041020001500056020001500071082002200086100004100108245010700149260003800256300002900294650004700323856007500370942002600445999001300471952014500484100906s1995 mau|||||r|||| 00| 0 eng d a2002027737 a0201729156 a817808702200a005.1068bKAN222 aKan, Stephen H. 91811310aMetrics and models in software quality engineering /cStephen H. Kan ; [foreword by Brian Thomas Eck]. aBoston :bAddison-Wesley,cc1995. a344 p. :bill. ;c24 cm.00aComputer softwarexQuality control.918114413Table of contentsuhttp://www.loc.gov/catdir/toc/fy033/2002027737.html cBBk005.1068 KAN2ddc c415d415 00102ddc40708 aMAINbMAINcLOWd2012-04-06epurchaseg65.00l3m12o005.1068 KANp000004210r2025-07-15 00:00:00s2016-08-16v81.25yBB